Normal view MARC view
  • Álvarez Lobato, José Antonio

Entry Nombre Personal

Number of records used in: 1

001 - NUMERO DE CONTROL

  • campo de control: 50248

003 - IDENTIFICADOR DE NUMERO DE CONTROL

  • campo de control: DLC

005 - FECHA Y HORA DE LA ÜLTIMA TRANSACCIÓN

  • campo de control: 20231011163915.0

008 - DATOS DE LONGITUD FIJA

  • campo de control de longitud fija: 081028n| acannaabn |a aaa c

010 ## - NÚMERO DE CONTROL DE LA BIBLIOTECA DEL CONGRESO

  • Número de control LC: no2008158366

035 ## - NUMERO DE CONTROL

  • Número de control: (OCoLC)oca07919805

040 ## - FUENTE DE CATALOGACIÓN

  • Agencia original de catalogación: CU
  • Lenguaje de catalogación: spa
  • Agencia de transcripción: CU
  • Agencia que lo modifica: DLC
  • Agencia que lo modifica: MX-MxUPN

100 1# - ENCABEZAMIENTO - NOMBRE PERSONAL

  • Nombre personal: Álvarez Lobato, José Antonio

400 1# - VEÁSE - NOMBRE DE PERSONA

  • Personal name: Lobato, José Antonio Álvarez

670 ## - FUENTE EN LA QUE SE LOCALIZARON DATOS

  • Cita de la fuente: Observatorios urbanos en México, 2008:
  • Información localizada: portada (José Antonio Álvarez Lobato) contraportada (Mtro. José Antonio Álvarez Lobato; secy. gen., Colegio Mexiquense) página 47 (coord., Laboratorio de Análisis Socioespacial, Colegio Mexiquense)

670 ## - FUENTE EN LA QUE SE LOCALIZARON DATOS

  • Cita de la fuente: La dimensión espacial de la competencia comercial, 2003 :
  • Información localizada: portada (José Antonio Chávez) CIP (Álvarez Lobato, José Antonio)

902 ## - CATALOGADOR

  • Catalogador: VíctorGodínez/111023